Kostelní hodiny /

Hlavní autor: Kožíšek, Jan, 1948-
Jazyk: Čeština
Vydáno: Praha : Spojené náhody, c2005
Vydání: 1. vyd.
Témata:
Fyzický popis: 62 s. ; 15 cm
Knihy
Uloženo v:
LEADER 00941nam a2200313 a 4500
001 nkc20051573018
003 CZ PrNK
005 20060118112447.0
007 ta
008 050622s2005 xr g 000 p cze
015 |a cnb001573018 
020 |a 80-239-5275-7  |q (brož.) 
035 |a (OCoLC)85156863 
040 |a BOA001  |b cze  |d ABA001 
072 7 |a 821.162.3-1  |x Česká poezie  |2 Konspekt  |9 25 
080 |a 821.162.3-1  |2 MRF 
080 |a (0:82-1)  |2 MRF 
100 1 |a Kožíšek, Jan,  |d 1948-  |7 mzk2005274856  |4 aut 
245 1 0 |a Kostelní hodiny /  |c Jan Kožíšek 
250 |a 1. vyd. 
260 |a Praha :  |b Spojené náhody,  |c c2005 
300 |a 62 s. ;  |c 15 cm 
655 7 |a česká poezie  |7 fd133958  |2 czenas 
655 9 |a Czech poetry  |2 eczenas 
910 2 |a BOA001  |b S-1150.718 
990 |a BK 
995 |a 01 
991 |b 200508 
996 6 |b 2610255835  |c S-1150.718  |l MZK  |r Sklad / do 24 hodin  |n 0  |p p.v.  |w 000783339  |u 000010  |a 1  |e BOA001  |j MZK50  |s P